Príčiny vzniku finančnej krízy a jej dopady na svetový trh diplomová práca

Guardado en:
Detalles Bibliográficos
Autor principal: Zimková, Jana
Autor Corporativo: Podnikovohospodárska fakulta EU so sídlom v Košiciach. Katedra ekonómie
Otros Autores: Porvazník, Ján
Formato: Libro
Lenguaje:eslovaco
Publicado: Košice 2010
Etiquetas: Agregar Etiqueta
Sin Etiquetas, Sea el primero en etiquetar este registro!

MARC

LEADER 00000nam$a2200000$$$4500
001 0123607
005 20240827092904.2
041 0 |a slo 
044 |a SK 
245 1 0 |a Príčiny vzniku finančnej krízy a jej dopady na svetový trh  |b diplomová práca  |c Jana Zimková ; škol. Ján Porvazník 
264 1 |a Košice  |c 2010 
300 |a 78 s. 
100 1 |a Zimková, Jana 
700 1 |a Porvazník, Ján 
710 2 |a Podnikovohospodárska fakulta EU so sídlom v Košiciach. Katedra ekonómie